| 000 | 01455nam0a2200301 4500 | ||
|---|---|---|---|
| 001 | RU\NLR\b_ik\179864 | ||
| 005 | 20250616230718.0 | ||
| 010 |
_a978-5-406-00178-3 _93000 |
||
| 035 | _a(NLR Aleph) 002252433 | ||
| 090 |
_a3707079 _c3707079 |
||
| 100 | _a20091016d2010 |||y0rusy50 ca | ||
| 101 | 0 | _aeng | |
| 102 | _aRU | ||
| 105 | _aac ||||||||| | ||
| 200 | 1 |
_aInsights into politics and the language of politics: a course of English _eучебное пособие для студентов высших учебных заведений, обучающихся по специальности 031001 "Филология" и направлению подготовки 031000 "Филология" _fAlecia Jioeva |
|
| 210 |
_aMoscow _cKnorus _d2010 [т.е. 2009] |
||
| 215 |
_a383, [1] c. _cил., портр. _d24 |
||
| 300 | _aНа обороте тит. л. авт.: Джиоева Алеся Александровна | ||
| 300 | _aКн. фактически изд. 2009 г. | ||
| 320 | _aБиблиогр. в конце кн. | ||
| 541 | 0 |
_aПонимание сути политики и язык политики _zrus |
|
| 606 | 1 |
_aАнглийский язык _xУчебные издания для политологов _92399082 _3RU\NLR\AUTH\661430195 |
|
| 686 | 1 | _aШ143.21-93рус329.2 | |
| 700 | 1 |
_aDžioeva _bA. A. _gAlesja Aleksandrovna _4070 |
|
| 801 | 0 |
_aRU _bNLR _c20091016 _gRCR |
|
| 942 | _cBOOK | ||
| 980 | _aNB | ||